Online Catalogue and eLibrary

Feminists read Habermas : (Record no. 20)

MARC details
000 -LEADER
fixed length control field 00760cam a2200229 a 4500
001 - CONTROL NUMBER
control field 1124645
005 - DATE AND TIME OF LATEST TRANSACTION
control field 20231117000242.0
008 - FIXED-LENGTH DATA ELEMENTS--GENERAL INFORMATION
fixed length control field 940518s1995 nyu b 001 0 eng
020 ## - INTERNATIONAL STANDARD BOOK NUMBER
ISBN 0415907136
020 ## - INTERNATIONAL STANDARD BOOK NUMBER
ISBN 0415907144 (pbk.)
040 ## - CATALOGING SOURCE (பட்டியலாக்க மூலம்)
Original cataloging agency DLC
Transcribing agency DLC
Modifying agency DLC
082 00 - DDC Classification
Class No. 305.42/01
DDC Edition Number 20
245 00 - TITLE STATEMENT
Title Feminists read Habermas :
Remainder of title gendering the subject of discourse /
Statement of responsibility, etc. edited, and with an introduction by Johanna Meehan.
260 ## - PUBLICATION, DISTRIBUTION, ETC.
Place of publication, distribution, etc. New York :
Name of publisher, distributor, etc. Routledge,
Date of publication, distribution, etc. 1995.
300 ## - PHYSICAL DESCRIPTION
Extent (e.g. Volumes, Pages etc.) viii, 291 p. ;
650 #0 - SUBJECT ADDED ENTRY--TOPICAL TERM
Topical term or geographic name entry element Feminist theory.
650 #0 - SUBJECT ADDED ENTRY--TOPICAL TERM
Topical term or geographic name entry element Critical theory.
700 1# - ADDED ENTRY--PERSONAL NAME
Personal name Meehan, Johanna.
Relator term (Role) Editor
856 42 - ELECTRONIC LOCATION AND ACCESS
Uniform Resource Identifier <a href="http://www.loc.gov/catdir/enhancements/fy0916/94020585-d.html">http://www.loc.gov/catdir/enhancements/fy0916/94020585-d.html</a>
856 42 - ELECTRONIC LOCATION AND ACCESS
Uniform Resource Identifier <a href="http://www.loc.gov/catdir/enhancements/fy1115/94020585-b.html">http://www.loc.gov/catdir/enhancements/fy1115/94020585-b.html</a>
942 ## - Koha item type (Biblio)
Koha item type Books in Stacks (Lending)
Holdings
Lost status Damaged status Collection code Home library Current library Date acquired Full call number Accession Number Item type
    Lending WERC Library WERC Library 11/17/2023 305.42/01 5193 Books in Stacks (Lending)

© WERC Library